Współczesne państwa Układu Warszawskiego - Statystyki

Ogólne statystyki
  • Ten quiz został rozwiązany 534 razy
    436 od ostatniego zresetowania
  • Średni wynik to 19 z 23
Statystyki odpowiedzi
Kraj % Poprawnych
Czechy
97%
Rosja
97%
Polska
96%
Słowacja
96%
Litwa
95%
Łotwa
95%
Estonia
93%
Ukraina
92%
Rumunia
91%
Węgry
91%
Niemcy
89%
Białoruś
88%
Bułgaria
88%
Mołdawia
85%
Kazachstan
82%
Gruzja
74%
Armenia
72%
Azerbejdżan
72%
Kirgistan
72%
Tadżykistan
72%
Uzbekistan
72%
Turkmenistan
71%
Albania
69%
Nie znaleziono quizów pasujących do podanych kryteriów
Rozkład punktacji
Procent ludzi z każdym wynikiem
Percentyl według liczby udzielonych odpowiedzi
Twoja historia wyników
Nie rozwiązałeś tego quizu od ostatniego zresetowania